| 000 | 01261cam a22003377a 4500 | ||
|---|---|---|---|
| 003 | CHAP | ||
| 005 | 20220329141948.0 | ||
| 008 | 981005d1998 mx b r 00110 spa d | ||
| 010 | _a76314 | ||
| 011 | _a77286 | ||
| 035 | _a86889 | ||
| 040 | _cCHAP | ||
| 090 | _aTesis | ||
| 100 | 0 | 0 |
_aSolórzano Muñoz, Esthela. _9108498 |
| 245 | 1 | 0 |
_aUso de los recursos procampo : _bestudio de caso, municipio de Texcoco, Estado de México _c/por Esthela Solórzano Muñoz |
| 260 |
_aChapingo, Méx. : _bEl autor, _c1998. |
||
| 300 |
_a99 h. : _bcuadros ; gráfs. ; mapas ; anexos |
||
| 502 | _aTesis (Ing. Agr. Esp. en Economía Agrícola) -- UACH. División de Ciencias Económico-Administrativas | ||
| 590 |
_aALEPH _b10 _c20130110 _lUCH01 _h1425 |
||
| 590 |
_aBATCH-UPD _b10 _c20130110 _lUCH01 _h0702 |
||
| 590 |
_aBATCH-UPD _b10 _c20130410 _lUCH01 _h0348 |
||
| 590 |
_aBATCH-UPD _b10 _c20130914 _lUCH01 _h0016 |
||
| 590 |
_aCONVERSION _b10 _c20130109 _lUCH01 _h1342 |
||
| 650 | 1 | 4 |
_aAgricultura _xAspectos economicos _xMexico (Edo.) _91272 |
| 650 | 1 | 4 |
_aAgricultura _xSubsidios. _91827 |
| 901 | _aBK | ||
| 905 | _aAlejandra Carrasco M. | ||
| 942 | _cFOLL | ||
| 949 |
_bBC _cTES _d33724000589735 _eTS2 _fc.2 _h32919 _i86889 _si |
||
| 949 |
_bBC _cTES _d868891 _eTS1 _h32918 _i86889 _sb |
||
| 999 |
_c76314 _d76314 |
||